| 000 | 00688nam a22002297a 4500 | ||
|---|---|---|---|
| 999 |
_c16534 _d16534 |
||
| 003 | AR-CdUCM | ||
| 008 | 190503b ||||| |||| 00| 0 spa d | ||
| 040 |
_aMUNICIPALIDAD PROVINCIAL DEL CUSCO _cBIBLIOTECA MUNICIPAL DEL CUSCO |
||
| 041 | _hswe | ||
| 082 |
_a839.77 / _bL16 |
||
| 100 |
_aLagerkvist, Pär Fabian _911858 |
||
| 245 |
_aLa sibila : _bNovela / |
||
| 260 |
_aBuenos Aires : _bEmecé, _c1957. |
||
| 300 |
_a147 páginas ; _c19 cm. |
||
| 505 | _aContenido: Novela. | ||
| 650 |
_aNovelas suecas _911860 |
||
| 650 |
_aLiteratura _983 |
||
| 650 |
_aSiglo XX _98 |
||
| 700 |
_aTezanos Pinto, Fausto de (traducción) _935892 |
||
| 942 |
_2ddc _cLIBROS |
||
| 945 |
_aachl _d2019-05-03 |
||